| 000 | 01110 a2200217 4500 | ||
|---|---|---|---|
| 003 | Nust | ||
| 005 | 20230531135702.0 | ||
| 010 | _a 94032576 | ||
| 020 | _a0805316779 | ||
| 040 | _cNust | ||
| 082 | 0 | 0 | _a005.262,KEL |
| 100 | 1 |
_aKelley, Al. _997630 |
|
| 245 | 1 | 2 |
_aA book on C : _bprogramming in C / _cAl Kelley, Ira Pohl. |
| 250 | _a3rd ed. | ||
| 260 |
_aRedwood City, Calif. : _bBenjamin Cummings Pub. Co., _cc1995. |
||
| 300 |
_axix, 636 p. : _bill. ; _c24 cm. |
||
| 505 | _aStarting from Zero (Page-1), An Overview of C (Page-4), Lexical Elements Operators and the C System (Page-65), The Fundamental Data Types (Page-99), Flow of Control (Page-134), Functions (Page-177), Array Pointers and Strings (Page-220), Bitwise Operators and Enumeration Types (Page-293), The Preprocessor (Page-323), Structures and Unions (Page-363), Structures and List Processing (Page-401), Input/Output and the Operating System (Page-447), Advanced Applications (Page-504), Moving from C to C++ (Page-541). | ||
| 650 | 0 |
_aC (Computer program language) _91226 |
|
| 700 | 1 | _aPohl, Ira. | |
| 942 |
_2ddc _cBK _k005.262,KEL |
||
| 999 |
_c194859 _d194859 |
||